000 00596nam a2200229Ia 4500
003 OSt
005 20220926022826.0
006 a|||||r|||| 00| 0
007 ta
008 220923b |||||||| |||| 00| 0 eng d
037 _cGeneral Book
040 _aRTL
_cRTL
_beng
041 _2eng
_aeng
082 _aY738.73.N7, L5
100 _aMaas Peter
_9328302
245 0 _aKing of gypsies
260 _aNew York
_bViking
_c1975
300 _axi,171p
_ccm.
650 _aEthnology
_935130
942 _hY738.73.N7, L5
_cGB
_2CC
999 _c640329
_d640329